[Event "ch-Commonwealth"]
[Site "Mumbai IND"]
[Date "2004.01.15"]
[Round "6"]
[White "Visweswaran,K"]
[Black "Sriram,J"]
[Result "0-1"]
[WhiteElo "2325"]
[BlackElo "2450"]
[EventDate "2004.01.10"]

1. e4 e5 2. Nf3 Nc6 3. Bb5 a6 4. Ba4 Nf6 5. O-O Be7 6. Re1 b5 7. Bb3 d6 8.
c3 O-O 9. h3 Nb8 10. d4 Nbd7 11. Nbd2 Bb7 12. Bc2 Re8 13. Nf1 Bf8 14. Ng3
g6 15. b3 Bg7 16. d5 Qe7 17. c4 c6 18. Bd3 Nc5 19. Bf1 bxc4 20. bxc4 Qc7
21. Rb1 Nfd7 22. Be3 a5 23. Qd2 Reb8 24. Bh6 cxd5 25. cxd5 f6 26. h4 Ba6
27. h5 Bxf1 28. Kxf1 Rxb1 29. Rxb1 Rb8 30. Rc1 Nf8 31. Bxg7 Kxg7 32. Nh2
Qd7 33. Kg1 Rb4 34. f3 Rd4 35. Qxa5 Ra4 36. Qb6 Rxa2 37. Ng4 Qa7 38. Qxa7+
Rxa7 39. Ne3 Kf7 40. Nc4 Ke7 41. hxg6 hxg6 42. Nf1 Nfd7 43. Nfe3 Nb3 44.
Rb1 Ndc5 45. Kh2 Ra6 46. Kg3 Nd4 47. Rh1 f5 48. Rh7+ Kf6 49. exf5 gxf5 50.
Kh4 Kg6 51. Rc7 Ra1 52. Nxe5+ dxe5 53. Rxc5 f4 54. Nc4 Nf5+ 55. Kg4 Nh6+
0-1

[Event "ch-Commonwealth"]
[Site "Mumbai IND"]
[Date "2004.01.15"]
[Round "6"]
[White "Conquest,S"]
[Black "Deshmukh,A"]
[Result "1/2-1/2"]
[WhiteElo "2543"]
[BlackElo "2340"]
[EventDate "2004.01.10"]

1. d4 d5 2. c4 c6 3. Nf3 Nf6 4. e3 a6 5. Bd3 dxc4 6. Bxc4 e6 7. O-O c5 8.
Bd3 Nbd7 9. Re1 Qc7 10. Nc3 b5 11. Bd2 Bb7 12. Rc1 Qb6 13. Bb1 Rd8 14. Qe2
Bd6 15. Red1 Bb8 16. Be1 O-O 17. a3 Rfe8 18. h3 Rc8 19. e4 cxd4 20. Nxd4
Ne5 21. Kh1 Rc4 22. Nb3 Ng6 23. Nd2 Rcc8 24. Nf1 h5 25. Bd2 Qa7 26. Bg5 Be5
27. Na2 Qa8 28. Re1 h4 29. Nb4 Rxc1 30. Bxc1 Rc8 31. Nd2 Bf4 32. Na2 Qb8
33. Nc3 Bd5 1/2-1/2

[Event "ch-Commonwealth"]
[Site "Mumbai IND"]
[Date "2004.01.15"]
[Round "6"]
[White "Neelotpal,D"]
[Black "Rathnakaran,K"]
[Result "0-1"]
[WhiteElo "2461"]
[BlackElo "2309"]
[EventDate "2004.01.10"]

1. e4 e6 2. d4 d5 3. Nc3 Bb4 4. Nge2 dxe4 5. a3 Bxc3+ 6. Nxc3 Nc6 7. Bb5
Nge7 8. Bg5 f6 9. Be3 O-O 10. Qd2 f5 11. O-O-O Nd5 12. Bg5 e3 13. Bxe3 f4
14. Bc4 fxe3 15. fxe3 Qg5 16. Rde1 Nxc3 17. Qxc3 Kh8 18. h4 Qa5 19. b4 Qh5
20. g4 Qxg4 21. Rhg1 Qh5 22. Rg5 Qh6 23. Reg1 Rg8 24. Bd3 a6 25. Qc5 Bd7
26. Kb1 Be8 27. a4 Qf6 28. b5 axb5 29. axb5 b6 30. Qc3 Ne7 31. Rf1 Nf5 32.
Qxc7 Qf8 33. Qc3 Qa3 34. Qxa3 Rxa3 35. Re1 h6 36. Rg4 Nd6 37. Kb2 Ra5 38.
c4 Bh5 39. Rf4 Rga8 0-1

[Event "ch-Commonwealth"]
[Site "Mumbai IND"]
[Date "2004.01.15"]
[Round "6"]
[White "Saptarshi,R"]
[Black "Ramesh,R"]
[Result "0-1"]
[WhiteElo "2329"]
[BlackElo "2506"]
[EventDate "2004.01.10"]

1. e4 c5 2. Nf3 Nc6 3. d4 cxd4 4. Nxd4 Nf6 5. Nc3 d6 6. Bg5 Qb6 7. Nb3 e6
8. Qd2 a6 9. f3 Be7 10. g4 Ne5 11. Be2 Qc7 12. Be3 b5 13. g5 Nfd7 14. h4
Nb6 15. Qd4 Nbc4 16. f4 Nxe3 17. Qxe3 Nc4 18. Qd4 O-O 19. O-O-O Bb7 20. h5
e5 21. Qf2 Qb6 22. Qg2 Ne3 23. Qg1 exf4 24. Bd3 Qd8 25. g6 Nxd1 26. Nxd1
Bh4 27. Qg4 f5 28. gxh7+ Kh8 29. Qxh4 Qxh4 30. Rxh4 fxe4 31. Na5 Bd5 32.
Nc3 exd3 33. Nxd5 f3 34. Rh1 Rae8 35. Kd2 f2 36. Rf1 Re2+ 37. Kxd3 Re1 38.
Ne3 Rf3 39. Kd2 Rexe3 40. Nb3 Re5 0-1

[Event "ch-Commonwealth"]
[Site "Mumbai IND"]
[Date "2004.01.15"]
[Round "6"]
[White "Ganguly,S"]
[Black "Harika,D"]
[Result "1/2-1/2"]
[WhiteElo "2541"]
[BlackElo "2329"]
[EventDate "2004.01.10"]

1. e4 c5 2. Nf3 Nc6 3. d4 cxd4 4. Nxd4 Nf6 5. Nc3 e5 6. Ndb5 d6 7. Bg5 a6
8. Na3 b5 9. Bxf6 gxf6 10. Nd5 f5 11. Bd3 Be6 12. c3 Bg7 13. Qh5 O-O 14.
O-O f4 15. Rfd1 Rb8 16. Nc2 Qd7 17. h3 f5 18. Ncb4 Nxb4 19. Nxb4 a5 20.
exf5 Bxf5 21. Nc6 Rbe8 22. Bxb5 Qc7 23. Qf3 Kh8 24. Qd5 Re6 25. Be2 Rg6 26.
Bh5 Rh6 27. Bf3 e4 28. Nd4 exf3 29. Nxf5 Rh5 30. Qxd6 Qf7 31. g4 fxg3 32.
Nxg3 Be5 33. Qd7 Bxg3 34. Qxf7 Rxf7 35. fxg3 Rxh3 36. Rd3 Kg7 37. Rad1
Rxg3+ 38. Kf1 f2 39. Ke2 f1=Q+ 40. Rxf1 Rg2+ 41. Ke1 Rxf1+ 42. Kxf1 Rxb2
43. a4 Rc2 44. Rd5 Rxc3 45. Rxa5 Ra3 46. Kg2 Kf6 47. Ra8 Ke7 48. Ra7+ Kd6
49. Rxh7 1/2-1/2

[Event "ch-Commonwealth"]
[Site "Mumbai IND"]
[Date "2004.01.15"]
[Round "6"]
[White "Himanshu,Sh"]
[Black "Sahu,S"]
[Result "0-1"]
[WhiteElo "2380"]
[BlackElo "2277"]
[EventDate "2004.01.10"]

1. e4 c5 2. f4 e6 3. Nf3 a6 4. d3 d5 5. Qe2 Be7 6. g3 Nf6 7. Bg2 Nc6 8. O-O
O-O 9. e5 Ne8 10. c4 b5 11. b3 Ra7 12. Nc3 Nd4 13. Qf2 Nxf3+ 14. Bxf3 b4
15. Na4 d4 16. Bd2 f5 17. exf6 gxf6 18. Rae1 Bd6 19. Qg2 f5 20. Qe2 Nf6 21.
Rf2 Rg7 22. Rg2 Kh8 23. Qf1 Rfg8 24. Re5 Bxe5 25. fxe5 Nd7 26. Qe2 Qc7 27.
Bf4 Bb7 28. Bxb7 Qxb7 29. h3 Qc6 30. Kh2 a5 31. Qh5 Rg6 32. Qh4 Qf3 33. Nb2
Re8 34. Rd2 Kg7 35. Kg1 Qa8 36. Rf2 Nb6 37. Kh2 Kg8 38. Bg5 Nd7 39. Bf4 Qc6
40. Na4 Qc7 41. Qh5 Rc8 42. Qe2 Qc6 43. Rg2 Kh8 44. Nb2 Ra8 45. Qh5 Rag8
46. Rf2 Kg7 47. Qh4 Kh8 48. Na4 Re8 49. Qh5 Kg8 50. Qe2 Rc8 51. Qd1 Nb6 52.
Nxb6 Qxb6 53. Qh5 Qc6 54. Bh6 Qc7 55. Re2 Kh8 56. Bg5 Rcg8 57. Bf4 Qc6 58.
h4 Qb7 59. Rf2 Rg4 60. Bg5 Rg6 61. Rf4 Kg8 62. Rxg4 Qf3 63. Rxd4 Qf2+ 64.
Kh3 Qf1+ 65. Kh2 cxd4 66. Bf4 Qxd3 67. Kg2 Qe4+ 68. Kf2 Qc2+ 69. Qe2 Qe4
70. c5 Qxe2+ 71. Kxe2 Rg7 72. Kd3 Rd7 73. Kc4 Kf7 74. c6 Rd8 75. Kc5 Rd5+
76. Kb6 Ke8 77. Kb7 Rc5 78. Kb6 Rc2 79. Kb7 d3 80. Bg5 Rxa2 81. c7 Rc2 82.
c8=Q+ Rxc8 83. Kxc8 a4 84. bxa4 b3 85. a5 b2 86. a6 b1=Q 87. a7 Qc2+ 88.
Kb7 Qb3+ 0-1

[Event "ch-Commonwealth"]
[Site "Mumbai IND"]
[Date "2004.01.15"]
[Round "6"]
[White "Koshy,V"]
[Black "Gopal,G"]
[Result "1-0"]
[WhiteElo "2374"]
[BlackElo "2233"]
[EventDate "2004.01.10"]

1. c4 e5 2. g3 Nc6 3. Bg2 Bc5 4. Nc3 d6 5. e3 a6 6. Nge2 Ba7 7. h3 Nge7 8.
d3 O-O 9. O-O Be6 10. Nd5 Qd7 11. Kh2 Rae8 12. b3 f5 13. d4 Bxd5 14. cxd5
Nd8 15. e4 fxe4 16. Bxe4 Nf5 17. dxe5 Rxe5 18. Bg2 Re7 19. Bb2 Ref7 20. Nf4
Nh4 21. Qg4 Qxg4 22. hxg4 Nxg2 23. Kxg2 c6 24. Rad1 cxd5 25. Rxd5 Ne6 26.
Nh3 h6 27. Rxd6 Ng5 28. f4 Rc8 29. Rfd1 Nxh3 30. Rd8+ Rxd8 31. Rxd8+ Rf8
32. Rxf8+ Kxf8 33. Kxh3 Bf2 34. f5 Kf7 35. Kg2 Be1 36. Be5 b5 37. Kf3 a5
38. a4 bxa4 39. bxa4 g6 40. Ke4 Bb4 41. Bf4 Be1 42. Bxh6 Bxg3 43. Bd2 Bc7
44. Bc3 Bb6 45. Kd5 Bd8 46. Kc6 gxf5 47. gxf5 Kf8 48. Kb5 Kf7 49. Bxa5 Bf6
50. Bd2 Bd8 51. Bc3 Ke8 52. a5 Kd7 53. a6 Kc8 54. Be5 Bh4 55. Kc6 Bf2 56.
f6 1-0

[Event "ch-Commonwealth"]
[Site "Mumbai IND"]
[Date "2004.01.15"]
[Round "6"]
[White "Girinath,P"]
[Black "Russell,MKA"]
[Result "1/2-1/2"]
[WhiteElo "2368"]
[BlackElo "2219"]
[EventDate "2004.01.10"]

1. e4 c5 2. Nf3 Nc6 3. Bb5 g6 4. O-O Bg7 5. Re1 e5 6. Bxc6 dxc6 7. d3 Qd6
8. Nbd2 Be6 9. Ng5 Nf6 10. Nxe6 Qxe6 11. a4 O-O 12. Nc4 Nd7 13. Bd2 Rfd8
14. Qb1 Qe7 15. b4 cxb4 16. Bxb4 Qe6 17. Qb2 b6 18. Ba3 f6 19. Qc1 Bf8 20.
f4 b5 21. Na5 Nc5 1/2-1/2

[Event "ch-Commonwealth"]
[Site "Mumbai IND"]
[Date "2004.01.15"]
[Round "6"]
[White "Meera,S"]
[Black "Poobesh Anand,S"]
[Result "0-1"]
[WhiteElo "2173"]
[BlackElo "2360"]
[EventDate "2004.01.10"]

1. e4 c5 2. Nc3 Nc6 3. g3 g6 4. Bg2 Bg7 5. d3 d6 6. f4 e6 7. Nf3 Nge7 8.
O-O O-O 9. Be3 Nd4 10. e5 Nef5 11. Bf2 Bd7 12. Ne4 Nxf3+ 13. Bxf3 dxe5 14.
fxe5 Bxe5 15. Bxc5 Re8 16. Bg2 Bc6 17. c3 Rc8 18. Qf3 Qc7 19. d4 Bg7 20.
Rad1 Rcd8 21. Qf2 h5 22. Kh1 Bd5 23. Rfe1 b6 24. Ba3 Bxa2 25. h3 Bd5 26. g4
Bxe4 27. Bxe4 Ng3+ 28. Kg1 Nxe4 29. Rxe4 Rd5 30. Rf1 hxg4 31. hxg4 e5 32.
Qh4 Qd8 33. Qxd8 Rexd8 34. dxe5 Bxe5 35. Rfe1 Bd6 36. Re8+ Rxe8 37. Rxe8+
Kg7 38. Bxd6 Rxd6 39. Re2 Re6 40. Rd2 Re4 41. Rg2 Kh6 42. g5+ Kh5 43. Rf2
Re7 44. Rg2 Re5 45. Kh2 Rxg5 46. Rf2 Rf5 0-1

[Event "ch-Commonwealth"]
[Site "Mumbai IND"]
[Date "2004.01.15"]
[Round "6"]
[White "Palit,S"]
[Black "Adithya,B"]
[Result "1-0"]
[WhiteElo "2348"]
[BlackElo "2040"]
[EventDate "2004.01.10"]

1. e4 c5 2. Nf3 Nc6 3. Bb5 g6 4. Bxc6 dxc6 5. d3 Bg7 6. Nc3 e5 7. Be3 Qe7
8. h3 Nf6 9. Qd2 Nd7 10. Bh6 O-O 11. Bxg7 Kxg7 12. O-O f6 13. Ne2 Rd8 14.
Nh2 Nf8 15. f4 exf4 16. Rxf4 Ne6 17. Rf2 c4 18. Raf1 cxd3 19. cxd3 Nc5 20.
Rxf6 Rxd3 21. Qg5 Rd7 22. Ng4 Ne6 23. Qh6+ Kg8 24. Rxe6 Qc5+ 25. Kh1 Re7
26. Rf8+ 1-0

[Event "ch-Commonwealth"]
[Site "Mumbai IND"]
[Date "2004.01.15"]
[Round "6"]
[White "Lodhi,M"]
[Black "Pratibha,Y"]
[Result "1-0"]
[WhiteElo "2395"]
[BlackElo "2229"]
[EventDate "2004.01.10"]

1. d4 e6 2. c4 f5 3. Nc3 d5 4. cxd5 exd5 5. Nf3 Nf6 6. g3 c6 7. Bg2 Be7 8.
O-O O-O 9. e3 Ne4 10. Ne2 Kh8 11. Nf4 Qe8 12. Ne5 Bd6 13. Nfd3 Nd7 14. Nxd7
Bxd7 15. f3 Nf6 16. Bd2 b6 17. b4 Qe7 18. Qc2 Rac8 19. Rac1 Rc7 20. Qb2
Rfc8 21. Rc2 Be8 22. Rfc1 Nd7 23. Qb3 Bf7 24. f4 Nf6 25. Ne5 Be8 26. Bf1
Ne4 27. Be1 Bxe5 28. dxe5 Rd8 29. Qb2 c5 30. bxc5 Rxc5 31. Bb4 Rxc2 32.
Rxc2 Qd7 33. Qc1 Qa4 34. Be7 Rd7 35. Ba3 Rd8 36. e6 Nd6 37. e7 Rd7 38. Rc6
Nb5 39. Bxb5 Qxb5 40. Rc8 Rb7 41. Qb2 Qd7 42. Rd8 Qc6 43. Qc2 Qb5 44. Qxf5
h6 45. Rxe8+ 1-0

[Event "ch-Commonwealth"]
[Site "Mumbai IND"]
[Date "2004.01.15"]
[Round "6"]
[White "Singh,G"]
[Black "Negi,V"]
[Result "1-0"]
[WhiteElo "2360"]
[BlackElo "2188"]
[EventDate "2004.01.10"]

1. e4 c5 2. Nf3 d6 3. d4 Nf6 4. Bd3 Nbd7 5. c3 e5 6. O-O Be7 7. Re1 O-O 8.
Nbd2 Qc7 9. Nf1 cxd4 10. cxd4 exd4 11. Nxd4 Ne5 12. Ne3 Nxd3 13. Qxd3 g6
14. Bd2 Be6 15. Bc3 Rad8 16. Rac1 Qd7 17. f4 d5 18. f5 dxe4 19. fxe6 exd3
20. exd7 Rxd7 21. Rcd1 Bc5 22. Rxd3 Rfd8 23. Nb3 Rxd3 24. Nxc5 Rxc3 25.
bxc3 b6 26. Nb3 Rd3 27. c4 a5 28. Kf1 a4 29. Ke2 Rd6 30. Nd2 Re6 31. Kd1
Rd6 32. Kc2 Kg7 1-0

[Event "ch-Commonwealth"]
[Site "Mumbai IND"]
[Date "2004.01.15"]
[Round "6"]
[White "Gluckman,D"]
[Black "Venkatesh,H"]
[Result "1-0"]
[WhiteElo "2356"]
[BlackElo "2094"]
[EventDate "2004.01.10"]

1. e4 c5 2. Nf3 e6 3. d4 cxd4 4. Nxd4 Nf6 5. Nc3 d6 6. Be2 Be7 7. O-O O-O
8. Be3 Nc6 9. f4 a6 10. Kh1 Qc7 11. Qe1 Nxd4 12. Bxd4 b5 13. e5 dxe5 14.
fxe5 Nd7 15. Bd3 Bb7 16. Ne4 Nxe5 17. Qg3 f6 18. Rxf6 Bxf6 19. Nxf6+ Rxf6
20. Bxe5 Qe7 21. Bxf6 Qxf6 22. Qc7 Qf7 23. Bxh7+ Kf8 24. Qd6+ Ke8 25. Re1
Qd7 26. Rxe6+ Kd8 27. Qb6+ Kc8 28. Rd6 Bxg2+ 29. Kg1 Qxd6 30. Qxd6 1-0

[Event "ch-Commonwealth"]
[Site "Mumbai IND"]
[Date "2004.01.15"]
[Round "6"]
[White "Sivanandan,B"]
[Black "Sandeep,Y"]
[Result "0-1"]
[WhiteElo "2340"]
[BlackElo "2115"]
[EventDate "2004.01.10"]

1. e4 c5 2. b3 Nc6 3. Bb2 e5 4. Bb5 d6 5. Nc3 g6 6. h4 h5 7. Qe2 Bg7 8.
O-O-O Nge7 9. Nh3 a6 10. Bxc6+ Nxc6 11. Nd5 Be6 12. Ng5 O-O 13. c3 b5 14.
Rdg1 Bxd5 15. exd5 Ne7 16. Qf3 Qd7 17. g4 hxg4 18. Rxg4 Qf5 19. Qg2 Nxd5
20. Nh3 b4 21. Rg5 Nf4 22. Nxf4 Qxf4 23. h5 Bh6 24. Rg3 g5 25. Rg4 Qf5 26.
Rh3 Qe6 27. Rhg3 Kh8 28. c4 f5 29. Rxg5 Bxg5 30. Rxg5 Rg8 31. Rg6 Rxg6 32.
hxg6 Ra7 33. f4 Kg7 34. Qc6 Re7 35. fxe5 dxe5 36. Qxc5 Kxg6 37. Qxb4 f4 38.
Qc3 e4 39. Qd4 f3 40. Qg1+ Kf5 41. Bd4 Qh6 42. Qg8 e3 43. Qc8+ Kg6 44. Qg8+
Kh5 45. Qd5+ Kg4 46. dxe3 Rxe3 47. Kb2 Re2+ 48. Ka3 Qe6 49. Qc5 Qe7 50.
Qxe7 Rxe7 51. Kb4 Kf4 52. Kc3 Re3+ 53. Kd2 Re2+ 54. Kd3 Rxa2 55. c5 f2 56.
Bxf2 Rxf2 57. Kd4 Rd2+ 58. Kc3 Rd8 59. Kb4 Rc8 60. Ka5 Rc6 61. b4 Ke5 0-1

[Event "ch-Commonwealth"]
[Site "Mumbai IND"]
[Date "2004.01.15"]
[Round "6"]
[White "Yash,A"]
[Black "Gokhale,J"]
[Result "0-1"]
[WhiteElo "2091"]
[BlackElo "2308"]
[EventDate "2004.01.10"]

1. e4 c5 2. Nf3 e6 3. d4 cxd4 4. Nxd4 a6 5. c4 Qc7 6. Nc3 Nf6 7. Be3 Nc6 8.
Be2 Ne5 9. Rc1 Bb4 10. O-O Bxc3 11. Rxc3 Nxe4 12. Ra3 Rb8 13. Qc2 f5 14.
Bf4 d6 15. f3 Nf6 16. Re1 O-O 17. Kh1 Bd7 18. Qb3 Nf7 19. Bg3 e5 20. Nc2
Be6 21. Qb4 b5 22. Rxa6 bxc4 23. Qa3 Qb7 24. Rb1 Ra8 25. Rxa8 Rxa8 26. Qb4
Qc7 27. Na3 d5 28. h3 Nh5 29. Bf2 Nf4 30. Bf1 Nd3 31. Bxd3 cxd3 32. Be3 d4
33. Bd2 Bxa2 34. Rc1 Qb8 35. Nb5 Bd5 36. Qc5 Qb7 37. Nc7 Rd8 38. b4 h6 39.
b5 Rd6 40. Kh2 Rd7 41. Kh1 Kh7 42. Kh2 e4 43. fxe4 fxe4 44. Bf4 e3 45. Qxd4
d2 46. Rd1 Re7 47. Bxe3 Qxb5 48. Rxd2 Be6 49. Qf4 0-1

[Event "ch-Commonwealth"]
[Site "Mumbai IND"]
[Date "2004.01.15"]
[Round "6"]
[White "Priyadharshan,K"]
[Black "Swathi,G"]
[Result "0-1"]
[WhiteElo "2052"]
[BlackElo "2297"]
[EventDate "2004.01.10"]

1. e4 e5 2. Nf3 Nc6 3. Bb5 a6 4. Bxc6 dxc6 5. d4 exd4 6. Qxd4 Qxd4 7. Nxd4
Bd7 8. Be3 O-O-O 9. Nd2 c5 10. Ne2 Nf6 11. f3 h6 12. O-O-O b6 13. Nf4 g5
14. Nd3 Be6 15. Kb1 Nd7 16. c4 Nb8 17. Kc2 Nc6 18. a3 Bg7 19. b3 a5 20. Nb2
Bxb2 21. Kxb2 Rd3 22. Rhe1 a4 23. bxa4 Rhd8 24. Kc2 Rxa3 25. Ra1 Nb4+ 26.
Kb2 Rxe3 27. Rxe3 Rxd2+ 28. Kb3 Nc2 29. Ra2 Bxc4+ 30. Kxc4 Nxe3+ 31. Kb3
Rxa2 32. Kxa2 Nxg2 33. Kb3 Nh4 34. Kc4 Nxf3 35. a5 Kb7 36. axb6 cxb6 37.
Kd5 c4 38. Kxc4 Kc6 39. h3 b5+ 40. Kb4 Ne5 41. Kb3 Kc5 42. Kc3 b4+ 43. Kb3
Kb5 44. Kc2 Kc4 45. Kb2 b3 46. Kb1 Kc3 47. Kc1 Nc4 0-1

[Event "ch-Commonwealth"]
[Site "Mumbai IND"]
[Date "2004.01.15"]
[Round "6"]
[White "Singh,Ri"]
[Black "Abhishek,K"]
[Result "1-0"]
[WhiteElo "2285"]
[BlackElo "2014"]
[EventDate "2004.01.10"]

1. c4 e6 2. Nf3 Nf6 3. g3 d5 4. Bg2 c6 5. b3 Nbd7 6. Bb2 Bd6 7. d4 O-O 8.
O-O Ne4 9. Nc3 f5 10. Nd2 Qg5 11. Ndxe4 fxe4 12. f3 exf3 13. exf3 Qe3+ 14.
Kh1 dxc4 15. bxc4 e5 16. Ne4 Bc7 17. d5 Ba5 18. Rb1 c5 19. Bc1 Qd4 20. Qe2
Nb6 21. Be3 Bf5 1-0

[Event "ch-Commonwealth"]
[Site "Mumbai IND"]
[Date "2004.01.15"]
[Round "6"]
[White "Devangi,P"]
[Black "Balaji,G"]
[Result "0-1"]
[WhiteElo "1916"]
[BlackElo "2266"]
[EventDate "2004.01.10"]

1. e4 c5 2. Nf3 d6 3. d4 cxd4 4. Nxd4 Nf6 5. Nc3 g6 6. Be3 Bg7 7. f3 O-O 8.
Qd2 Nc6 9. g4 Nxd4 10. Bxd4 Be6 11. O-O-O Qa5 12. Kb1 Rfc8 13. h4 Rab8 14.
h5 Rxc3 15. Qxc3 Qxa2+ 16. Kc1 Rc8 17. Qe3 Bb3 18. Bd3 Qa4 19. Bc3 Nxg4 20.
fxg4 Rxc3 21. Kd2 Rxd3+ 22. Qxd3 Bh6+ 23. Kc3 Be6 24. b3 Bg7+ 25. Kd2 Qa5+
26. c3 Bxb3 27. Rb1 Qa2+ 28. Ke3 Bc2 29. Qb5 Bxb1 30. hxg6 hxg6 31. Qxb1
Qa5 32. Qb3 Bxc3 33. Qc4 Qc5+ 34. Kd3 Qxc4+ 35. Kxc4 Be5 36. Rb1 b6 37. Kb5
Kg7 38. Ka6 Kh6 39. Rf1 f6 40. Kxa7 Kg5 41. Rg1 0-1

[Event "ch-Commonwealth"]
[Site "Mumbai IND"]
[Date "2004.01.15"]
[Round "6"]
[White "Chokshi,M"]
[Black "Sinha,Ab"]
[Result "1-0"]
[WhiteElo "2248"]
[BlackElo "1994"]
[EventDate "2004.01.10"]

1. e4 c6 2. d4 d5 3. Nc3 dxe4 4. Nxe4 Nd7 5. Bc4 Ngf6 6. Ng5 e6 7. Qe2 Nb6
8. Bb3 h6 9. N5f3 a5 10. c3 a4 11. Bc2 Nbd5 12. Nh3 a3 13. O-O axb2 14.
Bxb2 Ba3 15. Bb3 Bxb2 16. Qxb2 Qa5 17. c4 Ne7 18. Ne5 O-O 19. Nf4 b5 20.
Rfe1 Bb7 21. Nfd3 Ba6 22. cxb5 cxb5 23. Nc5 Rac8 24. Nxf7 Rxf7 25. Rxe6
Rxc5 26. dxc5 Nfd5 27. Rd1 Bc8 28. Rd6 Rf5 29. h3 Kh8 30. Bxd5 Nxd5 31.
R6xd5 Rf8 32. Qd2 Qc7 33. Rd8 1-0

[Event "ch-Commonwealth"]
[Site "Mumbai IND"]
[Date "2004.01.15"]
[Round "6"]
[White "Srinivasa Rao,M"]
[Black "Dave,D"]
[Result "0-1"]
[WhiteElo "2335"]
[BlackElo "1921"]
[EventDate "2004.01.10"]

1. e4 c5 2. Nf3 d6 3. d4 cxd4 4. Nxd4 Nf6 5. Nc3 a6 6. Bg5 e6 7. f4 Qc7 8.
Bxf6 gxf6 9. Qd2 Be7 10. O-O-O Bd7 11. Kb1 Nc6 12. Be2 O-O-O 13. Bh5 Rhf8
14. f5 Nxd4 15. Qxd4 Qc5 16. Qd2 exf5 17. Nd5 Rde8 18. Rhe1 fxe4 19. Rxe4
Be6 20. Rxe6 fxe6 21. Bxe8 Rxe8 22. Nxe7+ Rxe7 23. Qxd6 Qxd6 24. Rxd6 Kc7
25. Rd2 Rd7 0-1

[Event "ch-Commonwealth"]
[Site "Mumbai IND"]
[Date "2004.01.15"]
[Round "6"]
[White "Ravi,A"]
[Black "Gokhale,A"]
[Result "1-0"]
[WhiteElo "2053"]
[BlackElo "2218"]
[EventDate "2004.01.10"]

1. e4 g6 2. d4 Bg7 3. Nc3 c6 4. Be3 d6 5. h3 Nd7 6. Nf3 Qc7 7. Be2 Ngf6 8.
a4 b6 9. O-O O-O 10. Qd2 Bb7 11. Rad1 a6 12. e5 dxe5 13. dxe5 Nxe5 14. Nxe5
Qxe5 15. Bxb6 Nd5 16. Bd4 Qxd4 17. Qxd4 Bxd4 18. Rxd4 e5 19. Rd2 a5 20. Ne4
Nf4 21. Bc4 c5 22. f3 Bxe4 23. fxe4 Rad8 24. Bd5 Kg7 25. Rfd1 h5 26. c3 Kf6
27. Bc4 Rxd2 28. Rxd2 Ke7 29. h4 f5 30. g3 Ne6 31. Rd5 Kf6 32. Rd6 Re8 33.
b4 cxb4 34. cxb4 axb4 35. a5 fxe4 36. a6 e3 37. Rxe6+ Rxe6 38. Bxe6 Kxe6
39. a7 1-0

[Event "ch-Commonwealth"]
[Site "Mumbai IND"]
[Date "2004.01.16"]
[Round "7"]
[White "Thipsay,P"]
[Black "Sandipan,C"]
[Result "1-0"]
[WhiteElo "2486"]
[BlackElo "2522"]
[EventDate "2004.01.10"]

1. e4 c5 2. Nf3 e6 3. d4 cxd4 4. Nxd4 Nf6 5. Nc3 d6 6. Be2 Be7 7. O-O Nc6
8. Be3 Bd7 9. f4 Nxd4 10. Bxd4 Bc6 11. Bd3 O-O 12. Kh1 Nd7 13. Qe2 Qa5 14.
a3 Bf6 15. Bxf6 Nxf6 16. e5 dxe5 17. fxe5 Nd7 18. Rae1 Qb6 19. b4 Qc7 20.
Nd1 b6 21. Nf2 a5 22. Ng4 axb4 23. axb4 Ra4 24. Nf6+ Nxf6 25. exf6 Rxb4 26.
Qh5 h6 27. fxg7 Kxg7 28. Rxe6 1-0

[Event "ch-Commonwealth"]
[Site "Mumbai IND"]
[Date "2004.01.16"]
[Round "7"]
[White "Satyapragyan,S"]
[Black "Iskusnyh,S"]
[Result "0-1"]
[WhiteElo "2369"]
[BlackElo "2482"]
[EventDate "2004.01.10"]

1. e4 c5 2. Nf3 Nc6 3. d4 cxd4 4. Nxd4 Qb6 5. Nb3 Nf6 6. Nc3 e6 7. Qe2 Bb4
8. Bd2 O-O 9. a3 Be7 10. f4 d5 11. e5 Ne8 12. O-O-O f6 13. exf6 Bxf6 14. g3
Nd6 15. Bh3 Re8 16. Kb1 a5 17. a4 Bd7 18. Qf3 Nb4 19. Be3 Qc6 20. Bd4 Ne4
21. Bxf6 gxf6 22. Nd4 Nxc3+ 23. bxc3 Qxa4 24. cxb4 axb4 25. Nb3 Rec8 26.
Rd2 Rc3 27. Qg4+ Kh8 28. Qh4 Rxb3+ 29. cxb3 Qa1+ 0-1

[Event "ch-Commonwealth"]
[Site "Mumbai IND"]
[Date "2004.01.16"]
[Round "7"]
[White "Ramesh,R"]
[Black "Gupta,Ab"]
[Result "1/2-1/2"]
[WhiteElo "2506"]
[BlackElo "2392"]
[EventDate "2004.01.10"]

1. e4 c5 2. Nf3 d6 3. d4 cxd4 4. Nxd4 Nf6 5. Nc3 a6 6. Be3 Nc6 7. f3 d5 8.
exd5 Nb4 9. Qd2 Nbxd5 10. Nxd5 Nxd5 11. O-O-O e6 12. Bg5 Qc7 13. Kb1 Bb4
14. Qe2 O-O 15. c4 Ne7 16. Qc2 e5 17. Nb3 h6 18. Bc1 a5 19. a3 a4 20. Nd2
Bxd2 21. Bxd2 Nf5 22. Bd3 Nd4 23. Qc3 Be6 24. f4 b5 25. cxb5 Qd7 26. Be4
Rac8 27. Qd3 Bb3 28. Bc3 Bxd1 29. Rxd1 Qxb5 30. Bxd4 Qxd3+ 31. Rxd3 exd4
32. Rxd4 f5 33. Bd5+ Kh8 34. Rxa4 g5 35. h3 Rcd8 36. Bf3 Rd2 37. Kc1 Rf2
38. fxg5 hxg5 39. Rb4 Re8 40. Kb1 Rd8 41. a4 g4 42. hxg4 fxg4 43. Bxg4 Rxg2
44. Bf3 Rg5 45. Ka2 Kg7 46. Be2 Kf6 47. Bb5 Ke7 48. Ka3 Ra8 49. Re4+ Kd6
50. Kb4 Rb8 51. Rc4 Rg7 52. Rc6+ Kd5 53. Rc3 Kd6 54. b3 Rh7 55. Rc6+ Kd5
56. Ra6 Rh3 57. Ra7 Rh4+ 58. Ka5 Kd4 59. Rc7 Rh6 60. Kb4 Rh3 61. Rd7+ Ke5
62. Ka3 Rh6 63. Bc4 Rd6 64. Rc7 Rd1 65. Bb5 Rh1 66. Kb4 Rh3 67. Kc4 Rh1 68.
Rc5+ Ke6 69. Kb4 Rh4+ 70. Ka5 Rh7 71. Rc6+ Kd5 72. Ra6 Kd4 73. Kb4 Kd5 74.
Rc6 Rh4+ 75. Ka5 Rh7 76. Rc3 Ra7+ 77. Kb4 Rh7 78. Rd3+ Ke4 79. Kc3 Ke5 80.
Bc4 Rh1 81. Rd5+ Ke4 82. a5 Rh3+ 83. Rd3 Rxd3+ 84. Bxd3+ Kd5 85. b4 Kc6 86.
Kc4 Rh8 87. b5+ Kc7 88. Be4 Rh4 89. Kd4 Kb8 90. b6 Rh2 91. Bd5 Rb2 92. Kc5
Rb1 93. Bc4 Ra1 94. a6 Rc1 95. Kb4 Ra1 96. Bb5 Rb1+ 97. Kc5 Rc1+ 98. Bc4
Ra1 99. Bd3 Ra3 100. Bc4 Ra1 101. Kb4 Rb1+ 102. Bb3 Ra1 103. Ba4 Rb1+ 104.
Kc5 Rc1+ 105. Kd6 Rc3 106. Kd5 Ra3 107. Bb5 Ra1 108. Kc4 Rc1+ 109. Kd3 Rd1+
110. Kc4 Rc1+ 111. Kd4 Rd1+ 112. Bd3 Ra1 113. Kc3 Ra3+ 114. Kc2 Ra2+ 115.
Kb3 Ra5 116. Bc4 Ra1 117. Be2 Rb1+ 1/2-1/2

[Event "ch-Commonwealth"]
[Site "Mumbai IND"]
[Date "2004.01.16"]
[Round "7"]
[White "Murshed,N"]
[Black "Prathamesh,S"]
[Result "1-0"]
[WhiteElo "2436"]
[BlackElo "2343"]
[EventDate "2004.01.10"]

1. d4 Nf6 2. Nf3 b6 3. Bg5 e6 4. Nbd2 Bb7 5. e4 h6 6. Bxf6 Qxf6 7. Bd3 d6
8. Qe2 Nd7 9. Ba6 Bxa6 10. Qxa6 g5 11. h3 Qd8 12. e5 Bg7 13. Ne4 dxe5 14.
O-O-O f5 15. Ng3 e4 16. Ne5 O-O 17. Nc6 Qe8 18. Qc4 b5 19. Qb3 Kh7 20. f3
Nf6 21. Ne5 c5 22. fxe4 cxd4 23. exf5 Ng8 24. Nf3 exf5 25. Nxd4 Qg6 26. Ne6
Rf7 27. Nxg7 Kxg7 28. Rhe1 f4 29. Ne4 Re8 30. Qc3+ Kh7 31. Nxg5+ Qxg5 32.
Rxe8 f3+ 33. Qe3 f2 34. Qxg5 hxg5 35. Rf1 g4 36. hxg4 Nh6 37. g5 Ng4 38.
Re4 1-0

[Event "ch-Commonwealth"]
[Site "Mumbai IND"]
[Date "2004.01.16"]
[Round "7"]
[White "Short,N"]
[Black "Fominyh,A"]
[Result "1-0"]
[WhiteElo "2702"]
[BlackElo "2559"]
[EventDate "2004.01.10"]

1. e4 c5 2. Nf3 e6 3. d4 cxd4 4. Nxd4 a6 5. Bd3 Bc5 6. Nb3 Ba7 7. Qe2 Nc6
8. Be3 d6 9. f4 Qc7 10. Bxa7 Rxa7 11. O-O Nf6 12. Kh1 O-O 13. a3 b5 14.
N1d2 e5 15. f5 d5 16. Rae1 d4 17. g4 h6 18. h4 Nh7 19. Nf3 Qe7 20. Rg1 g5
21. Rg2 Bd7 22. Rh2 f6 23. hxg5 hxg5 24. Kg2 Rf7 25. Reh1 Rg7 26. Kg1 Be8
27. Rh6 Nb8 28. Nbd2 Nd7 29. a4 Nc5 30. axb5 Nxd3 31. b6 Rb7 32. Qxd3 Qc5
33. Qc4+ Qxc4 34. Nxc4 Bb5 35. Nfd2 Rgd7 36. Kf2 Rb8 37. b3 Rc8 38. Rg6+
Rg7 39. b7 Rb8 40. Rxg7+ Kxg7 41. Na5 Nf8 42. Rc1 Ra8 1-0